| 000 | 00822nam a22002417a 4500 | ||
|---|---|---|---|
| 999 |
_c20780 _d20780 |
||
| 005 | 20200131045348.0 | ||
| 008 | 200131b xxu||||| |||| 00| 0 spa d | ||
| 020 | _a9789588353876 | ||
| 040 |
_aCO-BoIAVH _cCO-BoIAVH |
||
| 041 | _achi | ||
| 044 | _ack | ||
| 100 | _aZambrano, Darío | ||
| 245 |
_aAproximaciones sectoriales al cambio climático _cDarío Zambrano, Jhoanata Bolívar y Verónica Robledo |
||
| 250 | _aPrimera edición | ||
| 260 |
_aSantiago de Cali: _bWWF Colombia, _c2014. |
||
| 300 |
_a43 páginas, _bFotografías, mapas, gráficas e ilustraciones _c28 x 21.6 cm |
||
| 504 | _aReferencias (páginas 42-43) | ||
| 650 | 0 | _aCambio climático | |
| 650 | 0 | _aEfecto invernadero | |
| 650 | 0 | _aEcología agrícola | |
| 651 | 0 |
_aMeta _zColombia |
|
| 942 |
_2z _cFolleto |
||